00922nam a2200265Ia 450000500170000000800390001702000150005610000280007124500320009925000180013130000240014950000560017365000450022965000500027465000400032465000490036465000340041365000410044726400340048833600270052233700330054933800280058204000350061008400110064520220317000800.0160601s2005 ar g 000 f spa a98704011041 aSchujer, Silvia,d1956-10aLas visitascSilvia Schujer a3a. edición a94 páginasc20 cm aIncluye datos biográficos de la autora y glosario142LEMBaNovela juvenil argentinaySiglo XX142LEMBaLiteratura infantil argentinaySiglo XX142LEMBaSentimientos en la literatura142LEMBaRelaciones familiares en la literatura142LEMBaPadres en la literatura142LEMBaVida familiar en la literatura aBuenos AiresbAlfaguarac2005 atextobtxt2rdacontent asin mediaciónbn2rdamedia avolumenbnc2rdacarrier aCO-BoRNBPbspaerdacCO-BoRNBP aN SCH1